000 00622nam a2200193 a 4500
008 120416s1988 ||||||||||||||||| || u
020 _a085291895x
050 _aHF 5686.R4 Sam
100 _aSamwell, Stanley
245 1 0 _aCorporate receiverships
246 _aa practical approach
250 _a2nd ed.
260 _aLondon
_bICA
_c1988
300 _axxiii, 254p. : ill.
350 _a0.00
650 0 _aECONOMICS
650 _aCORPORATE RECEIVERSHIP
995 _D0.00
_FCBU-MAIN LIBRARY (Kitwe)
_H1
_I11.95
_M1
_UAVAILABLE
_ZMain Library Open Access Collection
999 _c38909
_d38909